000 00410nam a22001577a 4500
999 _c258822
_d258821
003 OSt
005 20200803115843.0
008 200714b xxu||||| |||| 00| 0 eng d
020 _a9780312480479
040 _cN/A
100 _aAnnette T.Rotternberg et al
245 _aElements of argument
_ba text and reader
250 _aNinth Edition
260 _aNew York
_bBedford/St Martins
_c2009
942 _2lcc
_cBK